<?xml version="1.0" encoding="UTF-8"?>
<record
    xmlns:xsi="http://www.w3.org/2001/XMLSchema-instance"
    xsi:schemaLocation="http://www.loc.gov/MARC21/slim http://www.loc.gov/standards/marcxml/schema/MARC21slim.xsd"
    xmlns="http://www.loc.gov/MARC21/slim">

  <leader>01698nam1a2200301 i 4500</leader>
  <controlfield tag="001">RU\NLR\bibl\1235990</controlfield>
  <controlfield tag="005">20260405154744.0</controlfield>
  <datafield tag="035" ind1=" " ind2=" ">
    <subfield code="a">(NLR Aleph) 001222225</subfield>
  </datafield>
  <datafield tag="090" ind1=" " ind2=" ">
    <subfield code="a">145683</subfield>
    <subfield code="c">145683</subfield>
  </datafield>
  <datafield tag="100" ind1=" " ind2=" ">
    <subfield code="a">20080603g20069999u  y0rusy50      ca</subfield>
  </datafield>
  <datafield tag="101" ind1="0" ind2=" ">
    <subfield code="a">rus</subfield>
  </datafield>
  <datafield tag="102" ind1=" " ind2=" ">
    <subfield code="a">RU</subfield>
  </datafield>
  <datafield tag="105" ind1=" " ind2=" ">
    <subfield code="a">||||z   |||||</subfield>
  </datafield>
  <datafield tag="200" ind1="1" ind2=" ">
    <subfield code="a">&#x41E;&#x440;&#x442;&#x435;&#x437;&#x438;&#x440;&#x43E;&#x432;&#x430;&#x43D;&#x438;&#x435; &#x43F;&#x440;&#x438; &#x442;&#x440;&#x430;&#x432;&#x43C;&#x430;&#x445; &#x43A;&#x43E;&#x43D;&#x435;&#x447;&#x43D;&#x43E;&#x441;&#x442;&#x435;&#x439; &#x438; &#x438;&#x445; &#x43F;&#x43E;&#x441;&#x43B;&#x435;&#x434;&#x441;&#x442;&#x432;&#x438;&#x44F;&#x445;</subfield>
    <subfield code="e">&#x443;&#x447;&#x435;&#x431;&#x43D;&#x43E;-&#x43F;&#x440;&#x430;&#x43A;&#x442;&#x438;&#x447;&#x435;&#x441;&#x43A;&#x43E;&#x435; &#x43F;&#x43E;&#x441;&#x43E;&#x431;&#x438;&#x435;</subfield>
    <subfield code="f">&#x420;.&#x412;. &#x420;&#x43E;&#x441;&#x43A;&#x43E;&#x432;, &#x410;.&#x41E;. &#x410;&#x43D;&#x434;&#x440;&#x438;&#x435;&#x432;&#x441;&#x43A;&#x430;&#x44F;, &#x410;.&#x412;. &#x421;&#x43C;&#x438;&#x440;&#x43D;&#x43E;&#x432;</subfield>
    <subfield code="g">&#x424;&#x413;&#x423; &#x421;.-&#x41F;&#x435;&#x442;&#x435;&#x440;&#x431;. &#x438;&#x43D;-&#x442; &#x443;&#x441;&#x43E;&#x432;&#x435;&#x440;&#x448;. &#x432;&#x440;&#x430;&#x447;&#x435;&#x439;-&#x44D;&#x43A;&#x441;&#x43F;&#x435;&#x440;&#x442;&#x43E;&#x432; &#x420;&#x43E;&#x441;&#x437;&#x434;&#x440;&#x430;&#x432;&#x430;, &#x41A;&#x430;&#x444;. &#x41C;&#x421;&#x42D;, &#x440;&#x435;&#x430;&#x431;&#x438;&#x43B;&#x438;&#x442;&#x430;&#x446;&#x438;&#x438; &#x438; &#x43F;&#x440;&#x43E;&#x442;&#x435;&#x437;&#x438;&#x440;&#x43E;&#x432;&#x430;&#x43D;&#x438;&#x44F; &#x43F;&#x440;&#x438; &#x442;&#x440;&#x430;&#x432;&#x43C;&#x430;&#x445; &#x438; &#x431;&#x43E;&#x43B;&#x435;&#x437;&#x43D;&#x44F;&#x445; &#x43A;&#x43E;&#x441;&#x442;&#x43D;&#x43E;-&#x43C;&#x44B;&#x448;&#x435;&#x447;&#x43D;&#x43E;&#x439; &#x441;&#x438;&#x441;&#x442;&#x435;&#x43C;&#x44B;, &#x424;&#x413;&#x423;&#x41F; "&#x422;&#x44E;&#x43C;. &#x41F;&#x420;&#x41E;&#x41F;" &#x420;&#x43E;&#x441;&#x437;&#x434;&#x440;&#x430;&#x432;&#x430;</subfield>
  </datafield>
  <datafield tag="210" ind1=" " ind2=" ">
    <subfield code="a">&#x421;&#x430;&#x43D;&#x43A;&#x442;-&#x41F;&#x435;&#x442;&#x435;&#x440;&#x431;&#x443;&#x440;&#x433;</subfield>
    <subfield code="a">&#x422;&#x44E;&#x43C;&#x435;&#x43D;&#x44C;</subfield>
    <subfield code="c">[&#x431;.&#x438;.]</subfield>
    <subfield code="d">2006</subfield>
  </datafield>
  <datafield tag="215" ind1=" " ind2=" ">
    <subfield code="d">21</subfield>
  </datafield>
  <datafield tag="463" ind1=" " ind2="0">
    <subfield code="1">0011197072</subfield>
  </datafield>
  <datafield tag="606" ind1=" " ind2=" ">
    <subfield code="a">&#x41A;&#x43E;&#x43D;&#x435;&#x447;&#x43D;&#x43E;&#x441;&#x442;&#x438;</subfield>
    <subfield code="j">&#x420;&#x443;&#x43A;&#x43E;&#x432;&#x43E;&#x434;&#x441;&#x442;&#x432;&#x430;, &#x43F;&#x43E;&#x441;&#x43E;&#x431;&#x438;&#x44F; &#x438; &#x442;.&#x43F;.</subfield>
    <subfield code="x">&#x422;&#x440;&#x430;&#x432;&#x43C;&#x44B;</subfield>
    <subfield code="x">&#x41E;&#x440;&#x442;&#x435;&#x437;&#x438;&#x440;&#x43E;&#x432;&#x430;&#x43D;&#x438;&#x435;</subfield>
    <subfield code="9">2513386</subfield>
    <subfield code="3">RU\NLR\auth\661489805</subfield>
  </datafield>
  <datafield tag="686" ind1=" " ind2=" ">
    <subfield code="a">&#x420;458.198-59&#x44F;7</subfield>
  </datafield>
  <datafield tag="700" ind1=" " ind2="1">
    <subfield code="4">070</subfield>
    <subfield code="8">rus</subfield>
    <subfield code="7">ca</subfield>
    <subfield code="a">&#x420;&#x43E;&#x441;&#x43A;&#x43E;&#x432;</subfield>
    <subfield code="b">&#x420;. &#x412;.</subfield>
    <subfield code="f">1937-</subfield>
    <subfield code="g">&#x420;&#x430;&#x444;&#x430;&#x44D;&#x43B;&#x44C; &#x412;&#x438;&#x43A;&#x442;&#x43E;&#x440;&#x43E;&#x432;&#x438;&#x447;</subfield>
    <subfield code="3">RU\NLR\auth\7765665</subfield>
    <subfield code="9">48594</subfield>
  </datafield>
  <datafield tag="701" ind1=" " ind2="1">
    <subfield code="a">&#x410;&#x43D;&#x434;&#x440;&#x438;&#x435;&#x432;&#x441;&#x43A;&#x430;&#x44F;</subfield>
    <subfield code="b">&#x410;. &#x41E;.</subfield>
    <subfield code="g">&#x410;&#x43B;&#x43B;&#x430; &#x41E;&#x43B;&#x435;&#x433;&#x43E;&#x432;&#x43D;&#x430;</subfield>
    <subfield code="4">070</subfield>
  </datafield>
  <datafield tag="701" ind1=" " ind2="1">
    <subfield code="4">070</subfield>
    <subfield code="8">rus</subfield>
    <subfield code="7">ca</subfield>
    <subfield code="a">&#x421;&#x43C;&#x438;&#x440;&#x43D;&#x43E;&#x432;</subfield>
    <subfield code="b">&#x410;. &#x412;.</subfield>
    <subfield code="c">&#x43A;&#x430;&#x43D;&#x434;. &#x43C;&#x435;&#x434;. &#x43D;&#x430;&#x443;&#x43A;</subfield>
    <subfield code="g">&#x410;&#x43D;&#x434;&#x440;&#x435;&#x439; &#x412;&#x44F;&#x447;&#x435;&#x441;&#x43B;&#x430;&#x432;&#x43E;&#x432;&#x438;&#x447;</subfield>
    <subfield code="3">RU\NLR\auth\7765664</subfield>
    <subfield code="9">48593</subfield>
  </datafield>
  <datafield tag="801" ind1=" " ind2="0">
    <subfield code="a">RU</subfield>
    <subfield code="b">NLR</subfield>
    <subfield code="c">20080603</subfield>
    <subfield code="g">RCR</subfield>
  </datafield>
  <datafield tag="801" ind1=" " ind2="1">
    <subfield code="a">RU</subfield>
    <subfield code="b">NLR</subfield>
    <subfield code="c">20080603</subfield>
  </datafield>
  <datafield tag="830" ind1=" " ind2=" ">
    <subfield code="a">2-&#x439; &#x430;&#x432;&#x442;. &#x43F;&#x43E; &#x413;&#x410;&#x41A;</subfield>
  </datafield>
  <datafield tag="852" ind1=" " ind2=" ">
    <subfield code="a">NLR</subfield>
    <subfield code="j">2008-3/6431</subfield>
  </datafield>
  <datafield tag="942" ind1=" " ind2=" ">
    <subfield code="c">BOOK</subfield>
  </datafield>
</record>
